000
00342nam a22001457a 4500
008
221107b ||||| |||| 00| 0 eng d
020
_a
2740312615957
041
_a
eng
080
_a
610.73
082
_a
610.73 ROS
100
_a
8
101
_a
INF
245
_a
CULTURAL COMPETENCY FOR THE HEALTH PROFESSIONAL
_c
ROSE P
942
_2
udc
_c
BK
999
_c
58767
_d
58767